000 00438nam a2200181Ia 4500
001 24700
005 20260414151101.0
008 260414t2006||||xx |||||||||||||| ||spa||
041 _aESP
082 _a345.725
_bH96
100 _aHurtado Reyes, Martín
_eAUT
245 0 _aTutela jurisdiccional diferenciada
_b
260 _c2006
300 _a570 páginas :
_c20 cm.
650 _aDER
654 _aCDE
942 _cLIB
_dJUS
_fJUS
_2ddc
_n
999 _c24700
_d24700